000 00253nam a2200121Ia 4500
100 _aBlack/ Paul.H
942 _cBK
654 _aMetal Cutting
245 _aTheory of Metal Cutting
260 _bMcGraw Hill
_c2001
300 _a204
546 _aENGLISH
999 _c19428
_d19428